<?xml version="1.0" encoding="UTF-8"?>
<collection xmlns="http://www.loc.gov/MARC21/slim">
 <record>
  <leader>02872nam a2200301 a 4500</leader>
  <controlfield tag="001">33898</controlfield>
  <controlfield tag="003">BD-DhAAL</controlfield>
  <controlfield tag="005">20211125121007.0</controlfield>
  <controlfield tag="008">181025t1978    xxu||||| b||| 001 0 eng d</controlfield>
  <datafield tag="999" ind1=" " ind2=" ">
   <subfield code="c">39554</subfield>
   <subfield code="d">39554</subfield>
  </datafield>
  <datafield tag="020" ind1=" " ind2=" ">
   <subfield code="a">9780691605173</subfield>
  </datafield>
  <datafield tag="040" ind1=" " ind2=" ">
   <subfield code="a">BD-DhAAL</subfield>
  </datafield>
  <datafield tag="082" ind1=" " ind2=" ">
   <subfield code="2">23</subfield>
   <subfield code="a">341.235492</subfield>
  </datafield>
  <datafield tag="100" ind1=" " ind2=" ">
   <subfield code="a">Oliver, Thomas W.</subfield>
   <subfield code="9">28661</subfield>
  </datafield>
  <datafield tag="245" ind1=" " ind2=" ">
   <subfield code="a">The United Nations in Bangladesh /</subfield>
   <subfield code="c">Thomas W. Oliver</subfield>
  </datafield>
  <datafield tag="260" ind1=" " ind2=" ">
   <subfield code="a">Princeton :</subfield>
   <subfield code="b">Princeton University Press,</subfield>
   <subfield code="c">c1978</subfield>
  </datafield>
  <datafield tag="300" ind1=" " ind2=" ">
   <subfield code="a">xix, 231 pages ;</subfield>
   <subfield code="c">23 cm.</subfield>
  </datafield>
  <datafield tag="504" ind1=" " ind2=" ">
   <subfield code="a">Includes bibliographical references and Index</subfield>
  </datafield>
  <datafield tag="505" ind1=" " ind2=" ">
   <subfield code="a">	*Frontmatter, pg. i*Contents, pg. v*Foreword, pg. vii*Acknowledgments, pg. ix*List of Abbreviations, pg. xi*Map of Transportation Network of Bangladesh, pg. xii*Introduction, pg. xiii*CHAPTER 1. The Secretary-General's Offer of Assistance: March-June 1971, pg. 1*CHAPTER 2. UNEPRO-The Start-Up: June-July 1971, pg. 16*CHAPTER 3. The Wider Issues: July-August 1971, pg. 32*CHAPTER 4. The Operation Takes Shape: August-November 1971, pg. 43*CHAPTER 5. The Secretary-General's Offer of Good Offices: October-November 1971, pg. 61*CHAPTER 6. UNEPRO-The Attempted Evacuation: December 1971, pg. 72*CHAPTER 7. The End of UNEPRO: December 1971, pg. 80*CHAPTER 8. UNROD-The Early Days: December 1971 - February 1972, pg. 98*CHAPTER 9. UNROD-The End of the Beginning: March-April 1972, pg. 113*CHAPTER 10. The Consolidation of the Operation, pg. 130*CHAPTER 11. The Right Road: May-September 1972, pg. 142*CHAPTER 12. UNROD-The Last Six Months: October 1972-March 1973, pg. 155*CHAPTER 13. Winding Up the Operation: April-December 1973, pg. 168*CHAPTER 14. How the Operation Worked, pg. 183*APPENDIX 1. UNEPRO, UNROD, UNROB: A Chronology, pg. 203*APPENDIX 2. Published United Nations Material, pg. 207*Notes, pg. 211*Index, pg. 227</subfield>
  </datafield>
  <datafield tag="520" ind1=" " ind2=" ">
   <subfield code="a">This book provides the first analytic account of the United Nations relief operation in Bangladesh. Written by a United Nations staff member involved in the operation, it reflects his direct access to archives and thus offers a doubly valuable description of the inner workings of an international organization. The unusually large relief program in Bangladesh has been described as &quot;&quot;a rare example of international cooperation that has enlarged the scope of constructive United Nations action.&quot;&quot; Originally published in 1978. The Princeton Legacy Library uses the latest print-on-demand technolo.</subfield>
  </datafield>
  <datafield tag="526" ind1=" " ind2=" ">
   <subfield code="a">SOL</subfield>
  </datafield>
  <datafield tag="541" ind1=" " ind2=" ">
   <subfield code="a">Trim Education</subfield>
   <subfield code="e">33898</subfield>
  </datafield>
  <datafield tag="650" ind1=" " ind2=" ">
   <subfield code="a">United Nations</subfield>
   <subfield code="z">Bangladesh.</subfield>
   <subfield code="9">28662</subfield>
  </datafield>
  <datafield tag="650" ind1=" " ind2=" ">
   <subfield code="a">International relief</subfield>
   <subfield code="z">Bangladesh.</subfield>
   <subfield code="9">28663</subfield>
  </datafield>
  <datafield tag="650" ind1=" " ind2=" ">
   <subfield code="a">Law.</subfield>
   <subfield code="9">43182</subfield>
  </datafield>
  <datafield tag="852" ind1=" " ind2=" ">
   <subfield code="a">Ayesha Abed Library</subfield>
   <subfield code="c">General Stacks</subfield>
  </datafield>
  <datafield tag="942" ind1=" " ind2=" ">
   <subfield code="2">ddc</subfield>
   <subfield code="c">BK</subfield>
  </datafield>
  <datafield tag="952" ind1=" " ind2=" ">
   <subfield code="0">0</subfield>
   <subfield code="1">0</subfield>
   <subfield code="2">ddc</subfield>
   <subfield code="4">0</subfield>
   <subfield code="6">341_235492000000000_OLI</subfield>
   <subfield code="7">0</subfield>
   <subfield code="9">64518</subfield>
   <subfield code="a">BRACUL</subfield>
   <subfield code="b">BRACUL</subfield>
   <subfield code="c">GEN</subfield>
   <subfield code="d">2018-10-22</subfield>
   <subfield code="e">Trim Education</subfield>
   <subfield code="g">3450.00</subfield>
   <subfield code="l">1</subfield>
   <subfield code="m">1</subfield>
   <subfield code="o">341.235492 OLI</subfield>
   <subfield code="p">3010033898</subfield>
   <subfield code="r">2019-07-04</subfield>
   <subfield code="s">2018-12-03</subfield>
   <subfield code="t">1</subfield>
   <subfield code="v">3450.00</subfield>
   <subfield code="w">2018-10-22</subfield>
   <subfield code="y">BK</subfield>
  </datafield>
 </record>
</collection>
